00928nam a22002537a 450000100060000000300080000600500170001400800410003103500190007204000260009104100080011708200200012510000280014524500930017326000540026630000370032050400410035765000380039870000430043670000270047994200120050699900170051895201390053535368BD-RjUL20211209052316.0140524s1960 enka s b 000 0 eng d a(BD-RjUL)35462 aBD-RjULbengcBD-RjUL aeng a519.5bFRM 19601 aFreund, John E.9107745 aManual of experimental statistics /cby John E. Freund, Paul E. Livermore, Irwin Miller. aEnglewood Cliffs, N.J. :bPrentice-Hall, cc1960. aviii, 131 p. :billus. ;c21 cm. aIncludes bibliographical references. 0aMathematical statistics. 91077461 aLivermore, Paul E. [joint au.]91077471 aMiller, Irwin.9107748 2ddccBK c35368d35368 00102ddc40718NFICaRUCLbRUCLcReadingd1963-03-25eZeitlingerg30.00l0o519.5 FRM 1960r2014-05-24 00:00:00tC-1w2014-05-24yBK